| 000 | 00862cam a22002654a 4500 | ||
|---|---|---|---|
| 999 |
_c20278 _d20278 |
||
| 001 | 16467453 | ||
| 003 | OSt | ||
| 005 | 20210209152939.0 | ||
| 008 | 100920s2006 moua b 001 0 eng | ||
| 010 | _a 2010483810 | ||
| 020 | _a9780323035071 | ||
| 020 | _a0323035078 | ||
| 040 |
_aMMU _cMMU _dMMU _beng |
||
| 050 | 0 | 0 |
_aRB113 _b.M35 2006 |
| 245 | 0 | 0 |
_aPathophysiology : _bthe biologic basis for disease in adults and children / _c[edited by] Kathryn L. McCance, Sue E. Huether. |
| 250 | _a5th ed. | ||
| 260 |
_aSt. Louis, Mo. : _bElsevier/Mosby, _cc2006. |
||
| 300 |
_axxiv, 1780 p. : _bill. (some col.) ; _c29 cm.+ _e1 CD-ROM (4 3/4 in.) |
||
| 500 | _aIncludes bibliographical references and index. | ||
| 650 | 0 | _aPhysiology, Pathological. | |
| 650 | 0 | _aNursing. | |
| 700 | 1 | _aMcCance, Kathryn L. | |
| 700 | 1 | _aHuether, Sue E. | |
| 942 |
_2lcc _cLOAN LOAN |
||